Most Common Male Names beginning with B in the USA - Statistics

General Stats
  • This quiz has been taken 1,084 times
  • The average score is 23 of 60
Answer Stats
Hint Answer % Correct
14 Ben
93%
11 Bill
89%
2 Benjamin
87%
16 Bob
85%
5 Billy
80%
15 Brad
79%
1 Brian
78%
6 Bobby
75%
4 Brandon
73%
8 Bradley
69%
7 Bryan
63%
9 Barry
61%
33 Bart
61%
20 Benny
61%
22 Bert
58%
24 Brendan
51%
3 Bruce
50%
18 Blake
49%
26 Bret
48%
10 Bernard
46%
12 Brent
45%
27 Billie
44%
13 Brett
43%
53 Burt
43%
28 Bryce
40%
51 Boris
39%
47 Bernie
38%
37 Bobbie
37%
32 Brady
37%
42 Barney
35%
19 Bennie
30%
57 Bud
30%
41 Brock
29%
17 Byron
29%
43 Beau
27%
34 Buddy
27%
58 Brice
25%
30 Blaine
23%
54 Brant
23%
45 Branden
22%
49 Bennett
21%
44 Blair
21%
21 Bryant
20%
40 Bruno
19%
39 Basil
18%
56 Berry
18%
31 Burton
18%
50 Brooks
15%
52 Barton
14%
38 Bernardo
14%
23 Bradford
14%
59 Bradly
14%
25 Boyd
13%
55 Brenton
12%
29 Benito
10%
48 Booker
7%
36 Bryon
7%
60 Burl
7%
35 Brain
6%
46 Buford
5%
No matching quizzes found
Score Distribution
Percent of People with Each Score
Percentile by Number Answered
Your Score History
You have not taken this quiz